Statistics for Countries with Tigers

Click here to take the quiz!

General Stats

  • This quiz has been taken 71 times
    (65 since last reset)
  • The average score is 13 of 14

Answer Stats

ContinentCountry% Correct
AsiaBangladesh
100%
AsiaChina
100%
AsiaIndia
100%
AsiaIndonesia
97%
AsiaLaos
97%
AsiaMalaysia
97%
AsiaBhutan
94%
AsiaCambodia
94%
AsiaMyanmar
94%
AsiaNepal
94%
AsiaThailand
94%
AsiaVietnam
94%
AsiaRussia
86%
AsiaNorth Korea
77%

Score Distribution

Percentile by Number Answered

Percent of People with Each Score

Your Score History

You have not taken this quiz since the last reset